South American Physical Geography by Picture - Statistics

General Stats
  • This quiz has been taken 313 times
    47 since last reset
  • The average score is 10 of 18
Answer Stats
Picture Hint Answer % Correct
ecosystem {Amazon} Rainforest
96%
waterfalls {Angel} Falls
85%
archipelago {Falkland} Islands
85%
lake Lake {Titicaca}
81%
archipelago {Galápagos} Islands
74%
island Tierra del Fuego
70%
desert {Atacama} Desert
68%
waterfalls {Iguazu} Falls
64%
inland lake Lake {Maracaibo}
60%
ecosystem Pampas
57%
mountain {Sugarloaf} Mountain
57%
beach {Ipanema} Beach
53%
estuary Río de la Plata
47%
mountain Chimborazo
32%
salt flat Salar de {Uyuni}
26%
nature park {Torres} {del} {Paine} National Park
15%
type of mesa Tepui
13%
flatland Los {Llanos}
6%
No matching quizzes found
Score Distribution
Percent of People with Each Score
Percentile by Number Answered
Your Score History
You have not taken this quiz since the last reset